| 000 | 01344cam a2200301 4500 | ||
|---|---|---|---|
| 008 | 040423n2003 000 0 eng u | ||
| 020 | _a1860816541 | ||
| 035 | _a(Sirsi) u125929 | ||
| 041 | _aeng | ||
| 050 |
_a614.7 _c18 |
||
| 100 | _aKukadia, Vina | ||
| 245 |
_aControlling particles, vapour and noise pollution from construction sites _bPart 1 pre-project planning and effective management |
||
| 260 |
_aWatford _bBRE _c2003 |
||
| 300 |
_a8p. _c300cm. |
||
| 490 |
_aBRE Pollution Control Guide _v1 |
||
| 520 | _aThis guide is the first in a series intended to assist with the control of air pollution and noise emissions from construction sites. It sets out guidance on controlling pollution emissions through effective pre-project planning and management issues that are an essential part of any construction project. Other guides in the series give methods for controlling air and noise pollution from various construction and demolition activities. | ||
| 650 | _aPOLLUTION | ||
| 650 | _aAIR POLLUTION | ||
| 650 | _aNOISE POLLUTION | ||
| 650 | _aCONSTRUCTION SITES | ||
| 690 | _aBUILDING AND CONSTRUCTION-MANAGEMENT | ||
| 700 | _aUpton, Stuart | ||
| 700 | _aGrimwood, C. | ||
| 700 | _aYu, C. | ||
| 710 | _aBuilding Research Establishment | ||
| 710 |
_aUnited Kingdom _bDepartment of Trade and Industry |
||
| 942 | _n0 | ||
| 999 |
_c103510 _d103510 |
||